000 00798nas a2200277 4500
001 BR0204703
003 BR-BrBNA
005 20231205103238.0
007 ta
008 230509b bl.|||p| |||| 00| 00por d
040 _aBR-BrBNA
_bpor
_cBiblioteca Nacional de Agricultura
041 _a(Pt)
072 _aH10
100 1 _aLink, H.M.
100 1 _aLink, F.M.
100 1 _aLink, D.
245 1 _aControle da formiga-preta-pastadeira, Acromyrmex crassispinus, com formicidas em pó
650 _aFORMIGA
650 _aFORMICIDA
650 _aCONTROLE QUÍMICO
650 _aDOSE
650 _aRIO GRANDE DO SUL
773 0 _tCiência Florestal (Brazil)
_xISSN 0103-9954
_g(Jun 2000), v. 10(1) p. 45-56
_wBR0204703
909 _a202311
_bLúcia
_c55
_dLúcia Elande
942 _2AGRIS
_n0
_cANA
999 _c171859
_d171859